000 01082nam a2200277Ia 4500
003 OSt
005 20210429103800.0
008 210310s2014 sp gr 000 0dspa d
020 _a9788415581161
040 _aCO-JMCR
_cCO-JMCR
041 0 _aspa
082 0 4 _a336.200946 /
_bD352p
_223
100 1 _aDelgado Rivero, Francisco J.,
_915358
_eautor
245 1 0 _aPrincipios de hacienda pública :
_bteoría de los impuestos /
_cFrancisco J. Delgado Rivero, Manuel A. Muñiz Pérez
250 _aPrimera edición
260 _aMadrid :
_bDelta Publicaciones,
_c2014
300 _bxi, 280 páginas ;
_c24 cm.
500 _aIncluye glosario y datos biográficos de los autores.
505 0 _aHacienda pública y presupuesto -- Los impuestos -- Introducción al gasto público y federalismo fiscal
650 1 4 _aHacienda pública
_915360
_zEspaña
650 2 4 _aImpuestos
_vTeorías
_zEspaña
_937238
650 2 4 _aImpuestos
_xClasificación
_zEspaña
_937239
650 2 4 _aPolítica fiscal
_zEspaña
_937240
700 1 _aMuñiz Pérez, Manuel A.,
_eautor
_937241
942 _2ddc
_cBK
999 _c7754
_d7754